000 00705nam a2200241Ia 4500
003 OSt
005 20220925235538.0
006 a|||||r|||| 00| 0
007 ta
008 220923b |||||||| |||| 00| 0 eng d
037 _cGeneral Book
040 _aRTL
_cRTL
_beng
041 _2eng
_aeng
082 _aX:89Q8, N6
100 _aDiwan Parag
_925773
245 0 _aQuality in totality
_b A manager's guide to TQM and ISO 9000
260 _a New Delhi
_bDeep and Deep India
_c1996
300 _axi, 206p
_ccm.
500 _aBibliography P 195-201; Glossary P 191-94
650 _aQuality Control
942 _hX:89Q8, N6
_cGB
_2CC
999 _c597494
_d597494